An introduction to historiography/ (Record no. 20692)

000 -LEADER
fixed length control field 00362nam a22001451a 4500
020 ## - INTERNATIONAL STANDARD BOOK NUMBER
ISBN 9789382126133
082 ## - DEWEY DECIMAL CLASSIFICATION NUMBER
Classification number 907.2
Item number SEN/I
100 ## - MAIN ENTRY--AUTHOR NAME
Personal name Senapati R N
245 ## - TITLE STATEMENT
Title An introduction to historiography/
Statement of responsibility, etc by Senapati R N
260 ## - PUBLICATION, DISTRIBUTION, ETC. (IMPRINT)
Place of publication New Delhi:
Name of publisher Astha Publishers,
Year of publication 2013.
300 ## - PHYSICAL DESCRIPTION
Number of Pages 264p.
650 ## - SUBJECT ADDED ENTRY--TOPICAL TERM
Topical Term Historiography
650 ## - SUBJECT ADDED ENTRY--TOPICAL TERM
Topical Term History
942 ## - ADDED ENTRY ELEMENTS (KOHA)
Koha item type Book
Holdings
Withdrawn status Lost status Damaged status Not for loan Permanent Location Current Location Date acquired Cost, normal purchase price Full call number Accession Number Cost, replacement price Price effective from Koha item type
        Sree Sankaracharya University of Sanskrit Sree Sankaracharya University of Sanskrit 08.01.2015 950.00 907.2 SEN/I 065774 0.00 08.01.2015 Book